[Event "Omegna op 4th"]
[Site "Omegna"]
[Date "2016.08.06"]
[Round "2"]
[White "Rifai, Abdulkader"]
[Black "Coppola, Federico"]
[Result "1-0"]
[WhiteElo "2194"]
[BlackElo "2005"]
[PlyCount "51"]
[EventDate "2016.08.05"]
[EventType "swiss"]
[EventRounds "5"]
[EventCountry "ITA"]
[SourceTitle "EXT 2018"]
[Source "ChessBase"]
[SourceDate "2017.10.13"]
[SourceVersion "1"]
[SourceVersionDate "2017.10.13"]
[SourceQuality "1"]

1. e4 e6 2. d4 d5 3. Nc3 Nf6 4. Bg5 Bb4 5. e5 h6 6. Be3 Ne4 7. Qg4 g6 8. Bd3 Bxc3+ 9. bxc3 Nxc3 10. Nf3 h5 11. Qf4 Na4 12. 0-0 b6 13. Ng5 Qe7 14. Bc1 Ba6 15. Ba3 c5 16. dxc5 Nxc5 17. Rfd1 Bb7 18. c4 dxc4 19. Be4 0-0 20. Bxc5 bxc5 21. Bxb7 Qxb7 22. Ne4 Kg7 23. Qf6+ Kh7 24. Ng5+ Kg8 25. Rd8 Nd7 26. Qxf7+ 1-0

[Event "Vimercate op"]
[Site "Vimercate"]
[Date "2015.11.27"]
[Round "3"]
[White "Lapiccirella, Daniele"]
[Black "Coppola, Federico"]
[Result "1/2-1/2"]
[WhiteElo "2235"]
[BlackElo "1990"]
[PlyCount "106"]
[EventDate "2015.11.27"]
[EventType "swiss"]
[EventRounds "5"]
[EventCountry "ITA"]
[SourceTitle "EXT 2018"]
[Source "ChessBase"]
[SourceDate "2017.10.13"]
[SourceVersion "1"]
[SourceVersionDate "2017.10.13"]
[SourceQuality "1"]

1. d4 Nf6 2. c4 g6 3. Nc3 d5 4. Bg5 Ne4 5. Bh4 Nxc3 6. bxc3 c5 7. e3 Nc6 8. Nf3 Bg4 9. cxd5 Qxd5 10. Be2 cxd4 11. cxd4 e5 12. 0-0 Bg7 13. dxe5 Qxd1 14. Rfxd1 Nxe5 15. Rab1 b6 16. Bb5+ Kf8 17. Nxe5 Bxe5 18. Rd5 Bc3 19. Bc6 Rc8 20. Bd7 Bxd7 21. Rxd7 Kg7 22. Rxa7 Ra8 23. Rxa8 Rxa8 24. Rxb6 Rxa2 25. Kf1 h5 26. Rc6 Be5 27. Be7 Ra7 28. Bb4 Ra2 29. g3 g5 30. h3 g4 31. h4 f6 32. Ke1 Kg6 33. Bd2 Kf5 34. Rc4 Ra1+ 35. Ke2 Ra3 36. Rc8 Kg6 37. f4 gxf3+ 38. Kxf3 Rd3 39. Be1 Rd1 40. Bf2 Ra1 41. g4 hxg4+ 42. Kxg4 Ra4+ 43. Kf3 Kg7 44. Rc1 Kh6 45. Rg1 Rb4 46. Rg4 Rb2 47. Bg3 Bxg3 48. Kxg3 Rb1 49. Ra4 Rg1+ 50. Kf4 Kg6 51. Ra5 Rf1+ 52. Ke4 f5+ 53. Ke5 Rf3 1/2-1/2

[Event "Bratto op 35th"]
[Site "Bratto"]
[Date "2015.08.24"]
[Round "3"]
[White "Coppola, Federico"]
[Black "Cattaneo, Marco"]
[Result "1-0"]
[WhiteElo "2092"]
[BlackElo "2175"]
[PlyCount "101"]
[EventDate "2015.08.22"]
[EventType "swiss"]
[EventRounds "9"]
[EventCountry "ITA"]
[SourceTitle "EXT 2016"]
[Source "ChessBase"]
[SourceDate "2015.10.08"]
[SourceVersion "1"]
[SourceVersionDate "2015.10.08"]
[SourceQuality "1"]

1. Nf3 d5 2. g3 Bg4 3. Bg2 Nd7 4. c4 c6 5. 0-0 Ngf6 6. cxd5 cxd5 7. Nc3 e6 8. d3 Be7 9. e4 d4 10. Ne2 e5 11. Nh4 Nb8 12. Nf5 0-0 13. f4 Nc6 14. h3 Bxe2 15. Qxe2 Nd7 16. Qg4 Bf6 17. h4 Kh8 18. Bd2 a5 19. Qe2 Qb6 20. Bh3 Nc5 21. g4 exf4 22. Bxf4 Be5 23. Rad1 Rad8 24. Bc1 Qb5 25. a3 Rde8 26. Kg2 Qb6 27. g5 Nb3 28. Rf2 Nxc1 29. Rxc1 Qd8 30. Rcf1 Qc7 31. Bg4 Nd8 32. Qd2 Ne6 33. Bd1 b5 34. Bb3 Nc5 35. Bd5 b4 36. axb4 axb4 37. Rc1 Qb6 38. b3 Ne6 39. Rc4 Rb8 40. Rc1 Qd8 41. Rcf1 Nc7 42. Bc4 Qd7 43. Qe2 f6 44. Qg4 fxg5 45. hxg5 Rb6 46. Nh6 Qxg4+ 47. Nxg4 Rxf2+ 48. Rxf2 Bd6 49. Rf7 Ne8 50. e5 Bc5 51. Nf2 1-0

[Event "Bratto op 35th"]
[Site "Bratto"]
[Date "2015.08.22"]
[Round "1"]
[White "Coppola, Federico"]
[Black "Vuelban, Virgilio"]
[Result "0-1"]
[WhiteElo "2092"]
[BlackElo "2349"]
[PlyCount "58"]
[EventDate "2015.08.22"]
[EventType "swiss"]
[EventRounds "9"]
[EventCountry "ITA"]
[SourceTitle "EXT 2016"]
[Source "ChessBase"]
[SourceDate "2015.10.08"]
[SourceVersion "1"]
[SourceVersionDate "2015.10.08"]
[SourceQuality "1"]

1. Nf3 Nf6 2. c4 c6 3. g3 d5 4. Bg2 g6 5. Qa4 Bg7 6. cxd5 Nxd5 7. 0-0 0-0 8. Nc3 Nd7 9. d4 N5b6 10. Qc2 e5 11. Rd1 exd4 12. Nxd4 Qe7 13. Bf4 Ne5 14. Rac1 h6 15. b3 g5 16. Bxe5 Qxe5 17. Rd2 Bd7 18. Ne4 Rae8 19. Nc5 Bc8 20. Rcd1 f5 21. e3 Kh8 22. a4 Nd5 23. Bxd5 cxd5 24. Nd3 Qe4 25. Nb4 f4 26. Qxe4 dxe4 27. Rc1 Rd8 28. Rc7 Be5 29. Re7 Bd6 0-1

[Event "Barcelona Sant Marti op-A 17th"]
[Site "Barcelona"]
[Date "2015.07.15"]
[Round "3"]
[White "Egorova, Ayyna"]
[Black "Coppola, Federico"]
[Result "1/2-1/2"]
[WhiteElo "1901"]
[BlackElo "2136"]
[PlyCount "129"]
[EventDate "2015.07.13"]
[EventType "swiss"]
[EventRounds "9"]
[EventCountry "ESP"]
[SourceTitle "CBM 167 Extra"]
[Source "ChessBase"]
[SourceDate "2015.09.14"]
[SourceVersion "1"]
[SourceVersionDate "2015.09.14"]
[SourceQuality "1"]

1. e4 e6 2. d4 d5 3. Nc3 Nf6 4. Bg5 Bb4 5. e5 h6 6. exf6 hxg5 7. fxg7 Rg8 8. Qh5 Qf6 9. Nf3 Qxg7 10. Be2 Nc6 11. 0-0-0 Be7 12. Bd3 Rh8 13. Qg4 f5 14. Qg3 Bd6 15. Ne5 Nxe5 16. dxe5 Bxe5 17. Qf3 Bd7 18. Be2 0-0-0 19. h3 Bc6 20. Qd3 Kb8 21. Bf3 Be8 22. Kb1 Bg6 23. Na4 Rhe8 24. Qb3 c6 25. Rhe1 Bf6 26. Qb4 e5 27. Re3 Qe7 28. Nc5 b6 29. Na6+ Ka8 30. Qa4 Qb7 31. Rc3 b5 32. Qa5 e4 33. Nc7+ Kb8 34. Nxe8 Rxe8 35. Rb3 exf3 36. a4 a6 37. axb5 axb5 38. gxf3 Bf7 39. Re3 Rxe3 40. fxe3 Qc7 41. Qb4 Qe7 42. Qd2 Qe5 43. Qd4 Qxd4 44. exd4 Bh5 45. Rd3 f4 46. Kc1 Bg6 47. Rd2 Bf5 48. c3 Bxh3 49. Rh2 Bd7 50. Rh6 Bd8 51. b4 Kc7 52. Kd2 g4 53. Ke2 g3 54. Kf1 Be7 55. Kg2 Bf5 56. Kh1 Kd7 57. Kg2 Bd3 58. Rh8 Bg6 59. Rh6 Bf7 60. Rh8 Be8 61. Rg8 Bd6 62. Rg4 Ke6 63. Rh4 Ke7 64. Kh1 Bf7 65. Kg2 1/2-1/2

[Event "Barcelona Sant Marti op-A 17th"]
[Site "Barcelona"]
[Date "2015.07.14"]
[Round "2"]
[White "Coppola, Federico"]
[Black "Magallanes, Gustavo"]
[Result "1/2-1/2"]
[WhiteElo "2136"]
[BlackElo "1908"]
[PlyCount "89"]
[EventDate "2015.07.13"]
[EventType "swiss"]
[EventRounds "9"]
[EventCountry "ESP"]
[SourceTitle "CBM 167 Extra"]
[Source "ChessBase"]
[SourceDate "2015.09.14"]
[SourceVersion "1"]
[SourceVersionDate "2015.09.14"]
[SourceQuality "1"]

1. Nf3 Nf6 2. c4 c5 3. Nc3 Nc6 4. g3 g6 5. Bg2 Bg7 6. 0-0 0-0 7. d4 cxd4 8. Nxd4 Qa5 9. Nb3 Qh5 10. c5 b6 11. e4 Qxd1 12. Rxd1 Ng4 13. h3 Nh6 14. Be3 Rb8 15. cxb6 axb6 16. g4 f5 17. exf5 gxf5 18. g5 Nf7 19. f4 Nd6 20. Bxc6 dxc6 21. Nd4 c5 22. Nc6 Rb7 23. Nd5 Nc4 24. Rac1 Nxe3 25. Nxe3 Bxb2 26. Rb1 Bg7 27. Nd5 b5 28. Ndxe7+ Kh8 29. Rd5 c4 30. Rdxb5 c3 31. a4 Rc7 32. Nxc8 Rfxc8 33. Nb4 c2 34. Rc1 Bb2 35. Rxc2 Rxc2 36. Nxc2 Rxc2 37. Rxf5 Bd4+ 38. Kh1 Ra2 39. a5 Kg7 40. a6 Rxa6 41. Kg2 Ra3 42. h4 Kg6 43. Rd5 Bb2 44. f5+ Kh5 45. Rd7 1/2-1/2

[Event "Robecchetto op-A 25th"]
[Site "Robecchetto"]
[Date "2014.12.27"]
[Round "3"]
[White "Coppola, Federico"]
[Black "Di Chiara, Mauro"]
[Result "1/2-1/2"]
[WhiteElo "2087"]
[BlackElo "1924"]
[PlyCount "33"]
[EventDate "2014.12.26"]
[EventType "swiss"]
[EventRounds "6"]
[EventCountry "ITA"]
[SourceTitle "EXT 2017"]
[Source "ChessBase"]
[SourceDate "2016.10.25"]
[SourceVersion "1"]
[SourceVersionDate "2016.10.25"]
[SourceQuality "1"]

1. Nf3 g6 2. e4 Bg7 3. d4 d6 4. h3 Nf6 5. Nc3 0-0 6. Be2 c5 7. Be3 cxd4 8. Nxd4 Nc6 9. 0-0 Bd7 10. Qd2 Nxd4 11. Bxd4 Bc6 12. Qe3 b6 13. Rad1 Qc7 14. e5 dxe5 15. Qxe5 Qxe5 16. Bxe5 Rfd8 17. Rxd8+ 1/2-1/2

[Event "Mortara op 4th"]
[Site "Mortara"]
[Date "2014.09.20"]
[Round "3"]
[White "Coppola, Federico"]
[Black "Vuelban, Virgilio"]
[Result "0-1"]
[WhiteElo "1970"]
[BlackElo "2303"]
[PlyCount "52"]
[EventDate "2014.09.19"]
[EventType "swiss"]
[EventRounds "5"]
[EventCountry "ITA"]
[SourceTitle "EXT 2016"]
[Source "ChessBase"]
[SourceDate "2015.10.08"]
[SourceVersion "1"]
[SourceVersionDate "2015.10.08"]
[SourceQuality "1"]

1. Nf3 Nf6 2. c4 g6 3. g3 Bg7 4. Bg2 0-0 5. 0-0 d6 6. d4 c6 7. Nc3 Qa5 8. e4 e5 9. d5 cxd5 10. cxd5 Bd7 11. Bd2 Rc8 12. Qe2 Qa6 13. Qd1 Qb6 14. Qb1 Na6 15. Rc1 Nc5 16. b4 Na4 17. Nxa4 Bxa4 18. Bh3 Rxc1+ 19. Bxc1 Qc7 20. Ne1 Qc3 21. Be3 Nxe4 22. Qc1 f5 23. f3 Qxc1 24. Rxc1 Nf6 25. Bf1 Kf8 26. Bc4 b5 0-1

[Event "Vescovato Gerolamo op-A 13th"]
[Site "Vescovato"]
[Date "2014.04.27"]
[Round "5"]
[White "De Santis, Alessio"]
[Black "Coppola, Federico"]
[Result "1-0"]
[WhiteElo "2285"]
[BlackElo "1976"]
[PlyCount "52"]
[EventDate "2014.04.25"]
[EventType "swiss"]
[EventRounds "6"]
[EventCountry "ITA"]
[SourceTitle "EXT 2015"]
[Source "ChessBase"]
[SourceDate "2014.11.20"]
[SourceVersion "1"]
[SourceVersionDate "2014.11.20"]
[SourceQuality "1"]

1. Nf3 c5 2. b3 Nc6 3. Bb2 d6 4. g3 e5 5. d3 g6 6. Bg2 Bg7 7. c4 Nge7 8. Nc3 0-0 9. 0-0 Rb8 10. Nd2 Be6 11. a3 d5 12. e4 dxe4 13. dxe4 Bh6 14. Nd5 Nd4 15. f4 Bxd5 16. cxd5 exf4 17. gxf4 f5 18. b4 fxe4 19. bxc5 Ndf5 20. Nxe4 Nxd5 21. Qxd5+ Qxd5 22. Nf6+ Rxf6 23. Bxd5+ Rf7 24. Be5 Re8 25. Rab1 Rxe5 26. Bxf7+ Kxf7 1-0

[Event "Vescovato Gerolamo op-A 13th"]
[Site "Vescovato"]
[Date "2014.04.25"]
[Round "2"]
[White "Bonade, Massimo"]
[Black "Coppola, Federico"]
[Result "1/2-1/2"]
[WhiteElo "2089"]
[BlackElo "1976"]
[PlyCount "39"]
[EventDate "2014.04.25"]
[EventType "swiss"]
[EventRounds "6"]
[EventCountry "ITA"]
[SourceTitle "EXT 2015"]
[Source "ChessBase"]
[SourceDate "2014.11.20"]
[SourceVersion "1"]
[SourceVersionDate "2014.11.20"]
[SourceQuality "1"]

1. d4 Nf6 2. c4 g6 3. Nc3 d5 4. Bf4 Bg7 5. e3 c5 6. dxc5 Qa5 7. Rc1 dxc4 8. Bxc4 0-0 9. Nf3 Qxc5 10. Bb3 Qa5 11. 0-0 Na6 12. Qe2 Nc5 13. Bc4 Be6 14. Rfd1 Bxc4 15. Qxc4 Ne6 16. Nd5 Nxd5 17. Rxd5 Qb6 18. Rb5 Qa6 19. Qb3 Rac8 20. Rd1 1/2-1/2

[Event "Robecchetto op-A 24th"]
[Site "Robecchetto"]
[Date "2013.12.27"]
[Round "1"]
[White "Coppola, Federico"]
[Black "Medici, Simone"]
[Result "0-1"]
[WhiteElo "1988"]
[BlackElo "2120"]
[PlyCount "64"]
[EventDate "2013.12.27"]
[EventType "swiss"]
[EventRounds "6"]
[EventCountry "ITA"]
[SourceTitle "EXT 2015"]
[Source "ChessBase"]
[SourceDate "2014.11.20"]
[SourceVersion "1"]
[SourceVersionDate "2014.11.20"]
[SourceQuality "1"]

1. Nf3 d5 2. g3 c5 3. c4 d4 4. e3 Nc6 5. exd4 cxd4 6. Bg2 e5 7. 0-0 Bd6 8. Re1 Nge7 9. b4 f6 10. c5 Bc7 11. Qb3 Bd7 12. Bb2 Qc8 13. a3 Be6 14. Qc2 0-0 15. d3 Qd7 16. Nbd2 Rac8 17. Nc4 b5 18. cxb6 axb6 19. b5 Na5 20. Nxa5 bxa5 21. Qd2 a4 22. Qe2 Ba5 23. Rec1 Bg4 24. Rab1 Rfe8 25. Rxc8 Rxc8 26. Bc1 Nd5 27. Bd2 Bxd2 28. Qxd2 Nc3 29. Rb4 Be6 30. Qb2 Bd5 31. Nh4 Na2 32. h3 Nxb4 0-1

[Event "Mare di Fano op 2nd"]
[Site "Fano"]
[Date "2013.08.02"]
[Round "6"]
[White "Coppola, Federico"]
[Black "Rizzardi, Franco"]
[Result "1/2-1/2"]
[WhiteElo "1957"]
[BlackElo "2027"]
[PlyCount "73"]
[EventDate "2013.07.29"]
[EventType "swiss"]
[EventRounds "9"]
[EventCountry "ITA"]
[SourceTitle "EXT 2015"]
[Source "ChessBase"]
[SourceDate "2014.11.20"]
[SourceVersion "1"]
[SourceVersionDate "2014.11.20"]
[SourceQuality "1"]

1. e4 e6 2. Nf3 d5 3. Nc3 c5 4. d4 c4 5. g3 Bb4 6. exd5 exd5 7. Bg2 Ne7 8. 0-0 0-0 9. Bd2 Nbc6 10. Ne2 Bf5 11. Nh4 Bg4 12. f3 Bc8 13. Bxb4 Nxb4 14. Qd2 a5 15. f4 Re8 16. f5 f6 17. Nc3 Qd6 18. Rae1 Bd7 19. a3 Na6 20. g4 Nc7 21. Qf4 Qxf4 22. Rxf4 Bc6 23. Rf2 b5 24. Rfe2 Kf8 25. Na2 Ng8 26. Bf3 Nh6 27. Ng2 Nf7 28. h4 Rxe2 29. Rxe2 Re8 30. Kf2 Nd6 31. Rxe8+ Kxe8 32. Ke3 Ke7 33. Nf4 Nc8 34. Nc3 Nb6 35. Nce2 b4 36. axb4 axb4 37. b3 1/2-1/2

[Event "Robecchetto op 23rd"]
[Site "Robecchetto"]
[Date "2012.12.27"]
[Round "1"]
[White "Ranfagni, Stefano"]
[Black "Coppola, Federico"]
[Result "1/2-1/2"]
[WhiteElo "2040"]
[BlackElo "1940"]
[PlyCount "101"]
[EventDate "2012.12.27"]
[EventType "swiss"]
[EventRounds "6"]
[EventCountry "ITA"]
[SourceTitle "EXT 2014"]
[Source "ChessBase"]
[SourceDate "2013.11.20"]
[SourceVersion "1"]
[SourceVersionDate "2013.11.20"]
[SourceQuality "1"]

1. e4 c5 2. Nc3 d6 3. g3 g6 4. Bg2 Bg7 5. d3 Nf6 6. h3 Nc6 7. Be3 0-0 8. Qd2 Nd4 9. Nce2 Ne8 10. c3 Nxe2 11. Nxe2 Rb8 12. 0-0 b5 13. Bh6 Nc7 14. Bxg7 Kxg7 15. f4 d5 16. Qe3 Qd6 17. f5 Bb7 18. e5 Qb6 19. f6+ exf6 20. exf6+ Kh8 21. Qh6 Rg8 22. Rf4 g5 23. Rf3 Qe6 24. Rf2 Qe3 25. Qh5 Rg6 26. Qf3 Qxf3 27. Rxf3 Re8 28. Rf2 Re3 29. d4 c4 30. a4 Re6 31. axb5 Nxb5 32. Raf1 Rg8 33. g4 h6 34. Ng3 Nd6 35. Nf5 Nxf5 36. Rxf5 Rd8 37. R1f2 Kh7 38. Kh2 Rdd6 39. Kg3 Kg6 40. Re5 Rxf6 41. Rfe2 Rfe6 42. Rxe6+ Rxe6 43. Rxe6+ fxe6 44. Kf2 Kf6 45. Ke3 e5 46. dxe5+ Kxe5 47. Bf3 Bc6 48. Bd1 Be8 49. Bc2 h5 50. Bd1 hxg4 51. hxg4 1/2-1/2

[Event "Milan Crespi op-B 33rd"]
[Site "Milan"]
[Date "2012.12.04"]
[Round "4"]
[White "Coppola, Federico"]
[Black "Van den Bersselaar, Jeroen"]
[Result "0-1"]
[WhiteElo "1940"]
[BlackElo "2176"]
[PlyCount "46"]
[EventDate "2012.12.01"]
[EventType "swiss"]
[EventRounds "9"]
[EventCountry "ITA"]
[SourceTitle "EXT 2014"]
[Source "ChessBase"]
[SourceDate "2013.11.20"]
[SourceVersion "1"]
[SourceVersionDate "2013.11.20"]
[SourceQuality "1"]

1. e4 c6 2. d4 d5 3. f3 e6 4. Nc3 Bb4 5. Bd2 Ne7 6. a3 Ba5 7. e5 Nf5 8. Nce2 Ne3 9. Qc1 Nxf1 10. Kxf1 Bxd2 11. Qxd2 b6 12. g3 Ba6 13. Kg2 0-0 14. f4 c5 15. c3 Nc6 16. Nf3 Na5 17. Rae1 Qd7 18. g4 Nc4 19. Qc1 Qb5 20. b4 Qa4 21. Ng3 Nxa3 22. h4 cxb4 23. cxb4 Rfc8 0-1

[Event "Milan Crespi op-A 33rd"]
[Site "Milan"]
[Date "2012.12.02"]
[Round "2"]
[White "Coppola, Federico"]
[Black "Valsecchi, Alessio"]
[Result "0-1"]
[WhiteElo "1940"]
[BlackElo "2422"]
[PlyCount "43"]
[EventDate "2012.12.01"]
[EventType "swiss"]
[EventRounds "9"]
[EventCountry "ITA"]
[SourceTitle "CBM 151 Extra"]
[Source "ChessBase"]
[SourceDate "2012.12.18"]
[SourceVersion "1"]
[SourceVersionDate "2012.12.18"]
[SourceQuality "1"]

1. e4 c5 2. Nf3 d6 3. d4 cxd4 4. Nxd4 Nf6 5. Nc3 g6 6. Be3 Bg7 7. f3 0-0 8. Qd2 Nc6 9. Bc4 Bd7 10. 0-0-0 Rb8 11. Kb1 b5 12. Bb3 Na5 13. Ka1 Nc4 14. Bxc4 bxc4 15. Rb1 Re8 16. g4 Qa5 17. h4 Rb6 18. h5 Bxg4 19. b4 cxb3 20. Nxb3 Rxb3 21. Rxb3 Bxf3 22. Rg1 0-1